Statistics for Cruel Summer lyrics

Click here to take the quiz!

General Stats

  • This quiz has been taken 784 times
  • The average score is 342 of 406

Answer Stats

Lyrics% Correct
"I
100%
I
100%
a
98%
in
98%
it
98%
the
98%
you,"
98%
you
98%
You
98%
cruel
97%
of
97%
summer
97%
And
95%
it's
95%
It's
95%
that
95%
to
95%
I'm
93%
night
93%
your
91%
devil
90%
with
90%
got
89%
He
89%
what
89%
What
89%
body
88%
just
88%
know
88%
back
87%
car
87%
for
87%
like
87%
ooh,
87%
shape
87%
baby
86%
Oh,
86%
oh
86%
blue,
85%
drunk
85%
me
85%
feeling
84%
from
84%
keep
84%
love
84%
want
84%
bar
83%
coming
83%
home
83%
true
83%
but
82%
But
82%
dice,
82%
don't
82%
ever
82%
No
82%
be
81%
dream
81%
high
81%
I've
81%
roll
81%
angels
80%
eyes
80%
kill
80%
new,
80%
their
80%
wanna
80%
wasn't
80%
Devils
79%
fine,
79%
garden
79%
my
79%
secrets
79%
cried
78%
gate
78%
thing
78%
doesn't
77%
every
77%
heard?
77%
makes
77%
more
77%
Said
77%
worst
77%
ain't
76%
boy,
76%
Bad,
75%
bad
75%
rules,
75%
rules
75%
window
75%
fate
74%
up
74%
waiting
74%
Fever
73%
shiny
73%
tell
73%
whatever
73%
always
72%
'em
72%
quiet
72%
seal
72%
that's
72%
through
72%
toy
72%
worth,
72%
bought
71%
looks
71%
slow,
71%
heaven
70%
out
70%
snuck
70%
price,
68%
Killing
67%
breakable
66%
cool,
66%
grinning
66%
last
65%
not
65%
whoa,
65%
below
64%
whoa,
64%
machine
63%
screamed
63%
caught
62%
if
62%
you'll
61%
head
60%
say
60%
ooh,
59%
vending
59%
bleed,
58%
So
58%
cut
57%
'em
57%
low
57%
trying
55%
We're
55%
glow
54%
times
51%
Hang
48%
knife
48%
summer's
48%
dying
47%
these
47%
we'll
47%
bone
46%
headlight's,
46%
screw
44%

Score Distribution

Percentile by Number Answered

Percent of People with Each Score

Your Score History

You have not taken this quiz